Les chapitres de tous les livres Harry Potter - Statistiques

Statistiques générales
  • Ce quiz a été pris 167 fois
    157 depuis la dernière actualisation
  • Le résultat moyen est 97 sur 199
Statistiques - réponses
Hint Réponse % Correct
HP1 Chapitre 1 Le Survivant
100%
HP1 Chapitre 5 Le Chemin De Traverse
70%
HP1 Chapitre 4 Le Gardien Des Clés
70%
HP1 Chapitre 2 Une Vitre Disparait
70%
HP1 Chapitre 3 Les Lettres De Nulle Part
67%
HP1 Chapitre 16 L'Homme Aux Deux Visages
67%
HP1 Chapitre 7 Le Choixpeau Magique
65%
HP1 Chapitre 8 Le Maître Des Potions
65%
HP2 Chapitre 1 Un Très Mauvais Anniversaire
63%
HP1 Chapitre 9 Duel A Minuit
61%
HP1 Chapitre 10 Halloween
61%
HP2 Chapitre 16 La Chambre Des Secrets
61%
HP1 Chapitre 11 Le Match De Quidditch
61%
HP2 Chapitre 3 Le Terrier
61%
HP1 Chapitre 13 Nicolas Flamel
61%
HP1 Chapitre 6 Rendez-Vous Sur La Voie 9 3/4
61%
HP1 Chapitre 16 Sous La Trappe
61%
HP1 Chapitre 15 La Forêt Interdite
59%
HP1 Chapitre 14 Norbert Le Dragon
59%
HP2 Chapitre 6 Gilderoy Lockhart
57%
HP2 Chapitre 2 L'Avertissement De Dobby
57%
HP3 Chapitre 5 Le Détraqueur
57%
HP2 Chapitre 15 Aragog
56%
HP2 Chapitre 4 Chez Fleury Et Bott
56%
HP4 Chapitre 16 La Coupe De Feu
56%
HP3 Chapitre 2 La Grosse Erreur De La Tante Marge
56%
HP2 Chapitre 8 L'Anniversaire De Mort
56%
HP4 Chapitre 20 La Première Tâche
56%
HP4 Chapitre 31 La Troisième Tâche
56%
HP2 Chapitre 9 L'Avertissement
56%
HP3 Chapitre 4 Le Chaudron Baveur
56%
HP3 Chapitre 3 Le Magicobus
56%
HP1 Chapitre 12 Le Miroir Du Rised
56%
HP2 Chapitre 5 Le Saule Cogneur
56%
HP3 Chapitre 21 Le Secret D'Hermione
56%
HP5 Chapitre 5 L'Ordre Du Phénix
56%
HP2 Chapitre 7 Sang-De-Bourbe Et Drôle De Voix
56%
HP3 Chapitre 1 Hibou Express
54%
HP4 Chapitre 8 La Coupe Du Monde De Quidditch
54%
HP4 Chapitre 1 La Maison Des "Jeux Du Sort"
54%
HP4 Chapitre 9 La Marque Des Ténèbres
54%
HP2 Chapitre 10 Le Cognard Fou
54%
HP2 Chapitre 12 Le Polynectar
54%
HP4 Chapitre 6 Le Portoloin
54%
HP4 Chapitre 17 Les Quatre Champions
54%
HP2 Chapitre 17 L'Héritier De Serpentard
54%
HP4 Chapitre 13 Maugrey Fol Oeil
54%
HP2 Chapitre 13 Un Journal Très Intime
54%
HP5 Chapitre 4 12, Square Grimmaurd
52%
HP5 Chapitre 35 Au Dela Du Voile
52%
HP4 Chapitre 15 Beauxbatons Et Durmstrang
52%
HP3 Chapitre 17 Chat, Rat Et Chien
52%
HP2 Chapitre 14 Cornelius Fudge
52%
HP5 Chapitre 1 Dudley Détraqué
52%
HP3 Chapitre 22 Encore Du Courrier
52%
HP3 Chapitre 10 La Carte Du Maraudeur
52%
HP4 Chapitre 2 La Cicatrice
52%
HP5 Chapitre 38 La Deuxième Guerre Commence
52%
HP4 Chapitre 26 La Deuxième Tâche
52%
HP2 Chapitre 18 La Récompense De Dobby
52%
HP4 Chapitre 22 La Tâche Inattendue
52%
HP4 Chapitre 23 Le Bal De Noel
52%
HP2 Chapitre 11 Le Club De Duel
52%
HP5 Chapitre 34 Le Département Des Mystères
52%
HP4 Chapitre 33 Les Mangemorts
52%
HP4 Chapitre 14 Les Sortilèges Impardonnables
52%
HP4 Chapitre 12 Le Tournoi Des Trois Sorciers
52%
HP4 Chapitre 18 L'Examen Des Baguettes
52%
HP6 Chapitre 2 L'Impasse Du Tisseur
52%
HP4 Chapitre 3 L'Invitation
52%
HP3 Chapitre 18 Lunard, Queudver, Patmol Et Cornedrue
52%
HP4 Chapitre 4 Retour Au Terrier
52%
HP4 Chapitre 5 Farces Pour Sorciers Facétieux
50%
HP6 Chapitre 4 Horace Slughorn
50%
HP7 Chapitre 31 La Bataille De Poudlard
50%
HP6 Chapitre 28 La Fuite Du Prince
50%
HP5 Chapitre 18 L'Armée De Dumbledore
50%
HP6 Chapitre 30 La Tombe Blanche
50%
HP3 Chapitre 20 Le Baiser Du Détraqueur
50%
HP4 Chapitre 37 Le Commencement
50%
HP4 Chapitre 19 Le Magyar A Pointes
50%
HP7 Chapitre 8 Le Mariage
50%
HP5 Chapitre 7 Le Ministère De La Magie
50%
HP3 Chapitre 19 Le Serviteur De Voldemort
50%
HP4 Chapitre 25 L'Oeuf Et L'Oeil
50%
HP4 Chapitre 7 Verpey Et Croupton
50%
HP7 Chapitre 16 Godric's Hollow
48%
HP3 Chapitre 13 Gryffondor Contre Serdaigle
48%
HP7 Chapitre 35 King's Cross
48%
HP4 Chapitre 36 La Croisée Des Chemins
48%
HP5 Chapitre 3 La Garde Rapprochée
48%
HP5 Chapitre 11 La Nouvelle Chanson Du Choixpeau Magique
48%
HP4 Chapitre 30 La Pensine
48%
HP3 Chapitre 16 La Prédiction Du Professeur Trelawney
48%
HP5 Chapitre 37 La Prophétie Perdue
48%
HP5 Chapitre 8 L'Audience
48%
HP3 Chapitre 11 L'Eclair De Feu
48%
HP7 Chapitre 5 Le Guerrier Tombé Au Combat
48%
HP5 Chapitre 12 Le Professeur Ombrage
48%
HP5 Chapitre 36 Le Seul Qu'Il Ait Jamais Craint
48%
HP5 Chapitre 9 Les Malheurs De Mrs Weasley
48%
HP7 Chapitre 4 Les Sept Potter
48%
HP5 Chapitre 10 Luna Lovegood
48%
HP4 Chapitre 34 Priori Incantatum
48%
HP5 Chapitre 13 Retenue Douloureuse Avec Dolores
48%
HP4 Chapitre 10 Tempête Au Ministère
48%
HP3 Chapitre 7 Un Epouvantard Dans La Penderie
48%
HP4 Chapitre 35 Veritaserum
48%
HP4 Chapitre 11 A Bord Du Poudlard Express
46%
HP5 Chapitre 16 A La Tête De Sanglier
46%
HP5 Chapitre 31 Buse
46%
HP5 Chapitre 2 Crises De Bec
46%
HP5 Chapitre 30 Graup
46%
HP5 Chapitre 32 Hors Du Feu
46%
HP7 Chapitre 19 La Biche Argentée
46%
HP6 Chapitre 26 La Caverne
46%
HP7 Chapitre 25 La Chaumière Aux Coquillages
46%
HP3 Chapitre 15 La Finale De Quidditch
46%
HP4 Chapitre 28 La Folie De Mr Croupton
46%
HP3 Chapitre 8 La Fuite De La Grosse Dame
46%
HP6 Chapitre 29 La Lamentation Du Phénix
46%
HP5 Chapitre 6 La Noble Et Très Ancienne Maison Des Black
46%
HP7 Chapitre 1 L'Ascension Du Seigneur Des Ténèbres
46%
HP6 Chapitre 27 La Tour Frappée Par La Foudre
46%
HP7 Chapitre 21 Le Conte Des Trois Frères
46%
HP4 Chapitre 21 Le Front De Libération Des Elfes De Maison
46%
HP7 Chapitre 23 Le Manoir Des Malefoy
46%
HP4 Chapitre 27 Le Retour De Patmol
46%
HP4 Chapitre 29 Le Rêve
46%
HP7 Chapitre 22 Les Reliques De La Mort
46%
HP7 Chapitre 7 Le Testament D'Albus Dumbledore
46%
HP3 Chapitre 9 Sinistre Défaite
46%
HP7 Chapitre 9 Un Endroit Ou Se Cacher
46%
HP7 Chapitre 20 Xenophilius Lovegood
46%
HP7 Chapitre 37 Dix-Neuf Ans Plus Tard
44%
HP7 Chapitre 26 Gringotts
44%
HP5 Chapitre 27 Le Centaure Et Le Cafard
44%
HP6 Chapitre 7 Le Club De Slug
44%
HP7 Chapitre 3 Le Départ Des Dursley
44%
HP3 Chapitre 12 Le Patronus
44%
HP6 Chapitre 9 Le Prince De Sang-Mêlé
44%
HP5 Chapitre 20 Le Récit De Hagrid
44%
HP7 Chapitre 10 Le Récit De Kreattur
44%
HP7 Chapitre 33 Le Récit Du Prince
44%
HP5 Chapitre 25 Le Scarabée Sous Contrôle
44%
HP4 Chapitre 24 Le Scoop De Rita Skeeter
44%
HP7 Chapitre 17 Le Secret De Bathilda
44%
HP4 Chapitre 32 Les Os, La Chair Et Le Sang
44%
HP5 Chapitre 23 Noel Dans La Salle Spéciale
44%
HP7 Chapitre 34 Retour Dans La Forêt
44%
HP6 Chapitre 24 Sectumsempra
44%
HP7 Chapitre 2 In Memoriam
43%
HP7 Chapitre 27 La Dernière Cachette
43%
HP3 Chapitre 14 La Rancune De Rogue
43%
HP7 Chapitre 29 Le Diadème Perdu
43%
HP6 Chapitre 23 Les Horcruxes
43%
HP7 Chapitre 14 Le Voleur
43%
HP5 Chapitre 21 L'Oeil Du Serpent
43%
HP5 Chapitre 33 Lutte Et Fugue
43%
HP6 Chapitre 25 A L'Ecoute De La Voyante
41%
HP5 Chapitre 29 Conseils D'Orientation
41%
HP3 Chapitre 6 Coups De Griffe Et Feuilles De Thé
41%
HP6 Chapitre 19 Des Elfes Sur Les Talons
41%
HP6 Chapitre 5 Fleurk
41%
HP7 Chapitre 32 La Baguette De Sureau
41%
HP7 Chapitre 13 La Commission D'Enregistrement Des Nés-Moldus
41%
HP7 Chapitre 6 La Goule En Pyjama
41%
HP6 Chapitre 11 La Main Secourable D'Hermione
41%
HP6 Chapitre 10 La Maison Des Gaunt
41%
HP7 Chapitre 15 La Revanche Du Gobelin
41%
HP7 Chapitre 24 Le Fabricant De Baguettes
41%
HP5 Chapitre 19 Le Lion Et Le Serpent
41%
HP5 Chapitre 28 Le Pire Souvenir De Rogue
41%
HP5 Chapitre 14 Percy Et Patmol
41%
HP6 Chapitre 16 Un Noel Glacial
41%
HP6 Chapitre 17 Un Souvenir Brumeux
41%
HP6 Chapitre 22 Après L'Enterrement
39%
HP7 Chapitre 11 Corruption
39%
HP6 Chapitre 14 Felix Felicis
39%
HP5 Chapitre 15 La Grande Inquisitrice De Poudlard
39%
HP7 Chapitre 12 La Magie Est Puissance
39%
HP7 Chapitre 36 Le Défaut Du Plan
39%
HP5 Chapitre 24 Occlumancie
39%
HP7 Chapitre 18 Vie Et Mensonge D'Albus Dumbledore
39%
HP5 Chapitre 26 Vu Et Imprévu
39%
HP5 Chapitre 17 Décret D'Education Numéro Vingt-Quatre
37%
HP6 Chapitre 20 La Requête De Lord Voldemort
37%
HP6 Chapitre 1 L'Autre Ministère
37%
HP6 Chapitre 15 Le Serment Inviolable
37%
HP5 Chapitre 22 L'Hopital Ste Mangouste Pour Les Maladies Et Blessures Magiques
37%
HP6 Chapitre 12 Argent Et Opale
35%
HP6 Chapitre 8 La Victoire De Rogue
35%
HP7 Chapitre 30 Le Renvoi De Severus Rogue
35%
HP6 Chapitre 13 Le Secret De Jedusor
35%
HP6 Chapitre 18 Surprises D'Anniversaire
35%
HP7 Chapitre 28 Le Miroir Manquant
33%
HP6 Chapitre 21 La Salle Introuvable
31%
HP6 Chapitre 3 Dernières Volontés Et Mauvaises Volonté
30%
HP6 Chapitre 6 L'Escalape De Drago
11%
Aucun quiz correspondant
Distribution des résultats
% des personnes avec chaque résultat
Percentile par nombre de réponses
Votre historique - résultats
Vous n’avez pas pris ce quiz depuis la dernière actualisation